header

Race to the frontier (Record no. 116635)

MARC details
000 -LEADER
fixed length control field 02289nam a2200505 a 4500
082 04 - DEWEY DECIMAL CLASSIFICATION NUMBER
Classification number 978/.02
100 1# - MAIN ENTRY--AUTHOR NAME
Personal name Dippel, John Van Houten,
245 10 - TITLE STATEMENT
Title Race to the frontier
260 ## - PUBLICATION, DISTRIBUTION, ETC. (IMPRINT)
Place of publication New York :
Name of publisher Algora Pub.,
Year of publication c2005.
300 ## - PHYSICAL DESCRIPTION
Number of Pages xi, 337 p.
505 0# - FORMATTED CONTENTS NOTE
Formatted contents note White Negroes in the Tidewater -- Running for the Virginia hills -- Bluegrass, Black dominance -- White flight across the Ohio -- Holding the color line in the Old Northwest -- Racial strife crosses the Mississippi -- The politics of exclusion -- Manifest necessity.
650 #0 - SUBJECT ADDED ENTRY--TOPICAL TERM
Topical Term Frontier and pioneer life
Topical Term Frontier and pioneer life
Topical Term Whites
Topical Term Racism
856 40 - ELECTRONIC LOCATION AND ACCESS
Uniform Resource Identifier http://site.ebrary.com/lib/rucke/Doc?id=10476827

No items available.

© 2026 Rongo University
Contact us: librarian | system librarian | Rongo university